Шість найближчих країн - Монголія - Statistics

General Stats
  • This quiz has been taken 29 times
  • The average score is 3 of 6
Answer Stats
км країна % Correct
0 Китай
100%
0 Росія
95%
39 Казахстан
70%
770 Північна Корея
30%
1102 Південна Корея
25%
920 Киргизстан
5%
No matching quizzes found
Score Distribution
Percent of People with Each Score
Percentile by Number Answered
Your Score History
You have not taken this quiz